| 000 | 00545nam a22002057a 4500 | ||
|---|---|---|---|
| 003 | OSt | ||
| 005 | 20170227140757.0 | ||
| 008 | 170227b xxu||||| |||| 00| 0 eng d | ||
| 020 | _a3540420746 | ||
| 040 | _cDDC. | ||
| 082 | _a531.11FER 2002. | ||
| 100 |
_aFerziger,J.H;Peric,M; _911671 |
||
| 245 | _aComputational Methods for Fruid Dynamics: | ||
| 250 | _a3rd ed. | ||
| 260 |
_aBerlin, _bSpringer, _c2002. |
||
| 300 |
_axiv,423p; _bill: _c26cm. |
||
| 504 | _aincludes references and index. | ||
| 650 |
_aPhysics. _9809 |
||
| 942 |
_2ddc _cO_SHELF |
||
| 999 |
_c5588 _d5588 |
||